<?xml version="1.0" encoding="UTF-8"?>
<record
    xmlns:xsi="http://www.w3.org/2001/XMLSchema-instance"
    xsi:schemaLocation="http://www.loc.gov/MARC21/slim http://www.loc.gov/standards/marcxml/schema/MARC21slim.xsd"
    xmlns="http://www.loc.gov/MARC21/slim">

  <leader>00430nam a2200157Ia 4500</leader>
  <controlfield tag="008">230718s9999    xx            000 0 und d</controlfield>
  <datafield tag="041" ind1=" " ind2=" ">
    <subfield code="a">eng</subfield>
  </datafield>
  <datafield tag="082" ind1=" " ind2=" ">
    <subfield code="a">621.381</subfield>
    <subfield code="b">SED</subfield>
  </datafield>
  <datafield tag="100" ind1=" " ind2=" ">
    <subfield code="a">Sedha R.S.</subfield>
    <subfield code="9">123922</subfield>
  </datafield>
  <datafield tag="245" ind1=" " ind2=" ">
    <subfield code="a">Text Book Of Applied Electronics</subfield>
  </datafield>
  <datafield tag="260" ind1=" " ind2=" ">
    <subfield code="c">2004</subfield>
    <subfield code="b">S. Chand &amp; Company Ltd.</subfield>
  </datafield>
  <datafield tag="300" ind1=" " ind2=" ">
    <subfield code="a">680</subfield>
  </datafield>
  <datafield tag="365" ind1=" " ind2=" ">
    <subfield code="c">Rs.</subfield>
    <subfield code="b">210.00</subfield>
  </datafield>
  <datafield tag="700" ind1=" " ind2=" ">
    <subfield code="a">Sedha R.S.</subfield>
    <subfield code="9">123922</subfield>
  </datafield>
  <datafield tag="906" ind1=" " ind2=" ">
    <subfield code="d">B:1040500094/8.9.0413-Oct-2005</subfield>
    <subfield code="c">ELECT</subfield>
    <subfield code="b">42</subfield>
  </datafield>
  <datafield tag="999" ind1=" " ind2=" ">
    <subfield code="c">308619</subfield>
    <subfield code="d">308619</subfield>
  </datafield>
  <datafield tag="952" ind1=" " ind2=" ">
    <subfield code="0">0</subfield>
    <subfield code="1">0</subfield>
    <subfield code="4">0</subfield>
    <subfield code="7">0</subfield>
    <subfield code="a">CCEP</subfield>
    <subfield code="b">CCEP</subfield>
    <subfield code="d">2004-09-09</subfield>
    <subfield code="e">Mehta Publishing House</subfield>
    <subfield code="f">ELECT</subfield>
    <subfield code="g">168.00</subfield>
    <subfield code="i">1040500094/8.9.04</subfield>
    <subfield code="l">0</subfield>
    <subfield code="o">621.381</subfield>
    <subfield code="p">CCEP-BK-19826</subfield>
    <subfield code="r">2023-07-18 00:00:00</subfield>
    <subfield code="t">42</subfield>
    <subfield code="v">210.00</subfield>
    <subfield code="w">2005-10-13</subfield>
    <subfield code="y">BK</subfield>
    <subfield code="z">019826</subfield>
  </datafield>
</record>
